[Event "PanAm Intercolleagiate-ch 2019"]
[Site "Charlotte"]
[Date "2019.12.28"]
[Round "2.13"]
[White "Shtembuliak, Evgeny"]
[Black "Jacobson, Aaron"]
[Result "1-0"]
[WhiteElo "2600"]
[BlackElo "2307"]
[Annotator "TA"]
[PlyCount "120"]
[EventDate "2019.12.27"]
[EventType "team-tourn"]
[EventCountry "USA"]
[SourceTitle "playchess.com"]
[Source "ChessBase"]
[SourceQuality "1"]

{[%evp 9,120,33,29,21,36,11,10,20,18,19,27,24,18,18,8,8,2,19,63,63,67,32,29,51,94,44,43,40,44,44,48,30,31,6,6,6,6,6,23,22,27,27,90,31,39,34,24,24,120,110,114,113,118,121,104,123,116,109,121,135,126,127,122,112,156,150,151,92,100,100,107,77,95,110,108,62,68,77,60,91,91,50,285,289,281,273,280,304,294,291,291,289,339,272,462,432,1425,1201,29979,646,897,788,721,681,29982,29983,29983,29984,29982,29983,29983,29978,29991]} 1. c4 e6 2. Nc3 d5 3. d4 a6 4. cxd5 exd5 5. Nf3 Nf6 6. Bg5 {D37: Queen's Gambit Declined: 5 Bf4} Be6 7. Bxf6 $146 (7. e3 Nbd7 8. Bd3 c6 9. Qb3 Qb6 10. Qxb6 Nxb6 11. Bxf6 gxf6 12. Nh4 a5 13. O-O-O Bb4 {1-0 (40) So,W (2767)-Demchenko,A (2655) Khanty-Mansiysk 2019}) 7... Qxf6 8. Qb3 {The position is equal.} Ra7 9. g3 Qd8 10. h4 c6 11. Ng5 Bc8 12. Bh3 Bxh3 13. Nxh3 Bd6 14. e4 dxe4 15. Nxe4 Qa5+ 16. Kf1 Bc7 17. Kg2 O-O 18. Nhg5 {Strongly threatening Nc5.} Qd5 19. Qxd5 cxd5 20. Nc5 b6 21. Nd3 Nc6 22. Rac1 Nxd4 23. Nb4 $36 {[%mdl 2048] White has the initiative.} Bd8 24. Rhd1 Ne6 25. Rxd5 a5 (25... Be7 $11 {remains equal.} 26. Nd3 Nxg5 27. hxg5 Raa8) 26. Nd3 ({Better is} 26. Nc6 $16 Bxg5 27. hxg5) 26... Nxg5 27. hxg5 f6 28. Nf4 {Hoping for Ne6.} Ra8 (28... Be7 $1 $11) 29. g6 {And now gxh7+ would win.} hxg6 30. Nxg6 Re8 31. Rd7 Kh7 32. Nf4 Re7 33. Rcd1 Rxd7 34. Rxd7 $16 {[%mdl 4096] Endgame Threatens to win with Ne6. KRB-KRN} f5 35. Nh5 Kg6 36. Nxg7 Kf6 37. Nh5+ Ke6 38. Rh7 (38. Rd3 $142) 38... Rc8 39. Nf4+ Kd6 40. Rh6+ Kd7 41. Nd5 b5 42. Ne3 Bg5 43. Rh7+ Ke6 {Black wants to play ...Bxe3.} 44. f4 $1 {[%cal Rf4g5]} Bf6 45. Ra7 {aiming for Ra6+.} a4 $2 {[#]} ({Black should try} 45... Rc5 $14) 46. Ra6+ $1 $18 Kf7 47. Nxf5 {Nd6+ is the strong threat.} Rc2+ 48. Kf3 Rxb2 49. g4 Rxa2 50. g5 Bc3 51. Nd6+ Kg7 $2 (51... Kf8 {was worth a try.} 52. Nxb5 Bb2 53. Ra8+ Kf7 54. Ra7+ Kf8) 52. Nxb5 Bd2 (52... Bb2 $142 53. Nd6 Kf8) 53. Nd4 Ra1 54. Kg4 (54. Nf5+ $142 Kf8 55. g6 Ke8 56. Re6+ Kd7 {[#]} 57. g7 $1 {[%mdl 512]} Rf1+ 58. Kg2 Kxe6 59. g8=Q+ Kxf5 60. Qd5+ Kf6 61. Qxd2) 54... Rf1 55. Ne6+ Kf7 56. Kf5 {Threatening mate with g6+.} Rb1 {Black hopes to continue with ...Rb5+.} 57. g6+ {White mates.} Ke7 58. Ra7+ Kd6 59. g7 Rb5+ 60. Kg6 Kd5 {Accuracy: White = 71%, Black = 44%.} 1-0

[Event "PanAm Intercolleagiate-ch 2019"]
[Site "Charlotte"]
[Date "2019.12.28"]
[Round "2.14"]
[White "Vorontsov, Pavlo"]
[Black "Isakov, Michael"]
[Result "*"]
[WhiteElo "2539"]
[BlackElo "2162"]
[Annotator "ChessBase"]
[PlyCount "46"]
[EventDate "2019.12.27"]
[EventType "team-tourn"]
[EventCountry "USA"]
[SourceTitle "playchess.com"]
[Source "ChessBase"]
[SourceQuality "1"]
[TimeControl "5400+30"]

1. d4 {[%emt 0:00:00]} e6 {[%emt 0:00:15]} 2. c4 {[%emt 0:00:00]} Nf6 {[%emt 0:00:20]} 3. Nf3 {[%emt 0:00:13]} d5 {[%emt 0:01:20]} 4. Nc3 {[%emt 0:00:21]} Nbd7 {[%emt 0:00:51]} 5. Bg5 {[%emt 0:00:35]} c6 {[%emt 0:00:47]} 6. e3 {[%emt 0:02:51]} h6 {[%emt 0:00:47]} 7. Bh4 {[%emt 0:03:13]} g5 {[%emt 0:00:12]} 8. Bg3 {[%emt 0:00:05]} Nh5 {[%emt 0:00:06]} 9. Be5 {[%emt 0:10:22]} Ng7 {[%emt 0:01:19]} 10. Bd3 {[%emt 0:04:21]} g4 {[%emt 1:29:03]} 11. Bxg7 {[%emt 0:01:30]} Bxg7 {[%emt 1:21:04]} 12. Nd2 {[%emt 0:00:43]} f5 {[%emt 0:00:28]} 13. Qe2 {[%emt 0:12:04]} Nf6 {[%emt 0:03:03]} 14. f3 {[%emt 1:00:42]} Bd7 {[%emt 0:06:47]} 15. O-O-O {[%emt 0:52:47]} Qe7 {[%emt 0:19:50]} 16. Nb3 {[%emt 0:43:59]} O-O-O {[%emt 0:30:16]} 17. Kb1 {[%emt 0:00:00]} Kb8 {[%emt 0:00:00]} 18. f4 {[%emt 0:00:00]} Bc8 {[%emt 0:00:00]} 19. Rc1 {[%emt 0:00:00]} Ne4 {[%emt 0:00:00]} 20. c5 {[%emt 0:00:00]} Qc7 {[%emt 0:00:00]} 21. Rc2 {[%emt 0:00:00]} h5 {[%emt 0:00:00]} 22. Rhc1 {[%emt 0:00:00]} Bd7 {[%emt 0:00:00]} 23. Qe1 {[%emt 0:00:00]} g3 {[%emt 0:00:00]} *

[Event "PanAm Intercolleagiate-ch 2019"]
[Site "Charlotte"]
[Date "2019.12.28"]
[Round "2.16"]
[White "Sorokin, Aleksey"]
[Black "Pinisetti, Prateek"]
[Result "*"]
[WhiteElo "2520"]
[BlackElo "2123"]
[Annotator "ChessBase"]
[PlyCount "55"]
[EventDate "2019.12.27"]
[EventType "team-tourn"]
[EventCountry "USA"]
[SourceTitle "playchess.com"]
[Source "ChessBase"]
[SourceQuality "1"]
[TimeControl "5400+30"]

1. e4 {[%emt 0:00:00]} c6 {[%emt 0:00:00]} 2. d4 {[%emt 0:00:00]} d5 {[%emt 0:00:00]} 3. exd5 {[%emt 0:00:00]} cxd5 {[%emt 0:00:12]} 4. c4 {[%emt 0:00:00]} Nf6 {[%emt 0:01:02]} 5. Nc3 {[%emt 0:00:11]} g6 {[%emt 0:00:41]} 6. Bg5 {[%emt 0:03:24]} Ne4 {[%emt 0:04:09]} 7. Nxe4 {[%emt 1:29:55]} dxe4 {[%emt 0:00:09]} 8. Qd2 {[%emt 0:01:28]} Bg7 {[%emt 0:06:00]} 9. Ne2 {[%emt 0:22:30]} Bg4 {[%emt 1:22:17]} 10. d5 {[%emt 0:09:13]} Na6 {[%emt 0:06:07]} 11. Nc3 {[%emt 0:48:18]} Nc5 {[%emt 0:13:16]} 12. h3 {[%emt 0:04:21]} Bf5 {[%emt 0:59:33]} 13. Be2 {[%emt 0:03:42]} Rc8 {[%emt 0:06:33]} 14. O-O {[%emt 0:02:38]} O-O {[%emt 0:52:21]} 15. Rfd1 {[%emt 0:03:29]} Re8 {[%emt 0:02:05]} 16. Rac1 {[%emt 0:08:02]} Qa5 {[%emt 0:46:53]} 17. b3 {[%emt 0:00:53]} b6 {[%emt 0:07:00]} 18. Be3 {[%emt 0:04:37]} Red8 {[%emt 0:03:43]} 19. g4 {[%emt 0:02:03]} Bd7 {[%emt 0:33:49]} 20. Bxc5 {[%emt 0:01:27]} Bxc3 {[%emt 0:32:48]} 21. Qxc3 {[%emt 0:01:42]} Qxc3 {[%emt 0:32:02]} 22. Rxc3 {[%emt 0:00:02]} bxc5 {[%emt 0:00:13]} 23. Re3 {[%emt 0:03:04]} f5 {[%emt 0:01:00]} 24. gxf5 {[%emt 0:04:00]} Bxf5 {[%emt 0:01:52]} 25. Bf1 {[%emt 0:01:18]} e6 {[%emt 0:03:35]} 26. Bg2 {[%emt 0:02:54]} exd5 {[%emt 0:00:08]} 27. cxd5 {[%emt 0:01:28]} Re8 {[%emt 0:06:33]} 28. Rde1 {[%emt 0:01:21]} *

[Event "PanAm Intercolleagiate-ch 2019"]
[Site "Charlotte"]
[Date "2019.12.28"]
[Round "2.16"]
[White "Pinisetti, Prateek"]
[Black "Sorokin, Aleksey"]
[Result "1/2-1/2"]
[WhiteElo "2123"]
[BlackElo "2520"]
[Annotator "TA"]
[PlyCount "55"]
[EventDate "2019.12.27"]
[EventType "team-tourn"]
[EventCountry "USA"]
[SourceTitle "playchess.com"]
[Source "ChessBase"]
[SourceQuality "1"]

{[%evp 13,55,27,35,26,29,39,71,76,82,85,77,60,71,72,106,98,150,93,143,97,97,91,102,91,133,96,69,47,110,109,107,97,111,104,94,57,73,45,41,24,23,31,58,56]} 1. e4 c6 2. d4 d5 3. exd5 cxd5 4. c4 Nf6 5. Nc3 g6 6. Bg5 Ne4 7. Nxe4 dxe4 8. Qd2 {B14: Caro-Kann: Panov-Botvinnik Attack with 5...e6 and 5...g6} Bg7 9. Ne2 Bg4 (9... O-O 10. Rd1 Nc6 11. Be3 Qc7 12. Nc3 Rd8 13. Nb5 Qb8 14. d5 Ne5 15. Be2 a6 {0-1 (40) Ynojosa Aponte,F (2448)-Almasi,Z (2690) Tromsoe 2014}) 10. d5 {White is better.} Na6 $146 ({Predecessor:} 10... Qb6 11. Rb1 Nd7 12. Nc3 Ne5 13. Nxe4 Bf5 14. f3 Bxe4 15. fxe4 Rc8 16. Be3 {0-1 (54) Akhunova,S (1752)-Kaliev,K (1962) Satka 2012}) 11. Nc3 Nc5 12. h3 Bf5 13. Be2 Rc8 14. O-O O-O (14... Qa5 $142) 15. Rfd1 (15. g4 $142) 15... Re8 16. Rac1 Qa5 17. b3 b6 18. Be3 Red8 19. g4 Bd7 20. Bxc5 Bxc3 ({Black should play} 20... bxc5 $14 21. Nxe4 Qxd2 22. Nxd2 (22. Rxd2 f5 $11) 22... a5) 21. Qxc3 $16 Qxc3 22. Rxc3 bxc5 23. Re3 f5 24. gxf5 Bxf5 25. Bf1 e6 $1 26. Bg2 exd5 27. cxd5 Re8 28. Rde1 {Accuracy: White = 58%, Black = 46%.} 1/2-1/2

[Event "PanAm Intercolleagiate-ch 2019"]
[Site "Charlotte"]
[Date "2019.12.29"]
[Round "3.1"]
[White "Bruzon Batista, Lazaro"]
[Black "Popilski, Gil"]
[Result "1-0"]
[WhiteElo "2640"]
[BlackElo "2465"]
[Annotator "RC"]
[PlyCount "147"]
[EventDate "2019.12.27"]
[EventType "team-tourn"]
[EventCountry "USA"]
[SourceTitle "playchess.com"]
[Source "ChessBase"]
[SourceQuality "1"]
[TimeControl "5400+30"]

1. Nf3 {[%emt 1:30:30]} c5 {[%emt 1:30:30]} 2. c4 {[%emt 0:00:30]} Nf6 {[%emt 0:00:30]} 3. Nc3 {[%emt 0:00:30]} e6 {[%emt 0:00:30]} 4. g3 {[%emt 0:00:30]} Nc6 {[%emt 0:00:30]} 5. Bg2 {[%emt 0:00:30]} d5 {[%emt 0:00:30]} 6. cxd5 {[%emt 0:00:30]} exd5 {[%emt 0:00:30]} 7. d4 {[%emt 0:00:30]} Be7 {[%emt 0:00:30]} 8. O-O {[%emt 0:00:30]} O-O {[%emt 0:00:30]} 9. Bf4 {[%emt 0:00:30]} c4 {[%emt 0:00:30]} 10. Ne5 {[%emt 0:00:30]} Bf5 {[%emt 0:00:30]} 11. Rc1 {[%emt 0:00:30]} Rc8 {[%emt 0:00:30]} 12. g4 {[%emt 0:00:30]} Nxg4 {[%emt 0:00:30]} 13. Nxg4 {[%emt 0:00:30]} Bxg4 {[%emt 0:00:30]} 14. Nxd5 {[%emt 0:00:30]} Bg5 {[%emt 0:00:30]} 15. Rxc4 {[%emt 0:00:30]} Re8 {[%emt 0:00:30]} 16. Ne3 {[%emt 0:00:30]} Bxf4 {[%emt 0:00:30]} 17. Nxg4 {[%emt 0:00:30]} h5 {[%emt 0:00:30]} 18. d5 {[%emt 0:00:30]} Bb8 {[%emt 0:00:30]} 19. dxc6 {[%emt 0:00:30]} hxg4 {[%emt 0:00:30]} 20. Rxg4 {[%emt 0:00:30]} bxc6 {[%emt 0:00:30]} 21. e3 {[%emt 0:00:30]} Qf6 {[%emt 0:00:30]} 22. Qe2 {[%emt 0:00:30]} Qh6 {[%emt 0:00:30]} 23. h3 {[%emt 0:00:30]} Rcd8 {[%emt 0:00:30]} 24. Rd1 {[%emt 0:00:30]} Qf6 {[%emt 0:00:30]} 25. Rxd8 {[%emt 0:00:30]} Rxd8 {[%emt 0:00:30]} 26. Rc4 {[%emt 0:00:30]} Qe6 {[%emt 0:00:30]} 27. b3 {[%emt 0:00:30]} Qe5 {[%emt 0:00:30]} 28. Rc1 {[%emt 0:00:30]} Rd6 {[%emt 0:00:30]} 29. Kf1 {[%emt 0:00:30]} Rg6 {[%emt 0:00:30]} 30. Rxc6 {[%emt 0:00:30]} Rxc6 {[%emt 0:00:30]} 31. Bxc6 {[%emt 0:00:30]} Qa1+ {[%emt 0:00:30]} 32. Kg2 {[%emt 0:00:30]} Qf6 {[%emt 0:00:30]} 33. Be4 {[%emt 0:00:30]} Qe5 {[%emt 0:00:30]} 34. Qf3 {[%emt 0:00:30]} Qg5+ {[%emt 0:00:30]} 35. Kf1 {[%emt 0:00:30]} Qb5+ {[%emt 0:00:30]} 36. Kg2 {[%emt 0:00:30]} Qg5+ {[%emt 0:00:30]} 37. Qg4 {[%emt 0:00:30]} Qxg4+ {[%emt 0:00:30]} 38. hxg4 {[%emt 0:00:30]} Bd6 {[%emt 0:00:30]} 39. g5 {[%emt 0:00:30]} g6 {[%emt 0:00:30]} 40. f4 {[%emt 0:00:30]} Kg7 {[%emt 0:00:30]} 41. Kf3 {[%emt 0:00:30]} f6 {[%emt 0:00:30]} 42. gxf6+ {[%emt 0:00:30]} Kxf6 {[%emt 0:00:30]} 43. Bd5 {[%emt 0:00:30]} g5 {[%emt 0:00:30]} 44. Kg4 {[%emt 0:00:30]} gxf4 {[%emt 0:00:30]} 45. exf4 {[%emt 0:00:30]} Bb4 {[%emt 0:00:30]} 46. Bc4 {[%emt 0:00:30]} a5 {[%emt 0:00:30]} 47. Kf3 {[%emt 0:00:30]} Kf5 {[%emt 0:00:30]} 48. Ba6 {[%emt 0:00:30]} Ke6 {[%emt 0:00:30]} 49. Ke4 {[%emt 0:00:30]} Kd6 {[%emt 0:00:30]} 50. Kd4 {[%emt 0:00:30]} Ba3 {[%emt 0:00:30]} 51. Bd3 {[%emt 0:00:30]} Bc1 {[%emt 0:00:30]} 52. f5 {[%emt 0:00:30]} Ba3 {[%emt 0:00:30]} 53. Kc4 {[%emt 0:00:30]} Ke5 {[%emt 0:00:30]} 54. Kb5 {[%emt 0:00:30]} Bb4 {[%emt 0:00:30]} 55. a3 {[%emt 0:00:30]} Bxa3 {[%emt 0:00:30]} 56. Kxa5 {[%emt 0:00:30]} Kd4 {[%emt 0:00:30]} 57. Bc4 {[%emt 0:00:30]} Be7 {[%emt 0:00:30]} 58. Be6 {[%emt 0:00:30]} Kc3 {[%emt 0:00:30]} 59. Ka4 {[%emt 0:00:30]} Bf8 {[%emt 0:00:30]} 60. f6 {[%emt 0:00:30]} Bd6 {[%emt 0:00:30]} 61. f7 {[%emt 0:00:30]} Bf8 {[%emt 0:00:30]} 62. Kb5 {[%emt 0:00:30]} Kd4 {[%emt 0:00:30]} 63. Kc6 {[%emt 0:00:30]} Ke5 {[%emt 0:00:30]} 64. Bc4 {[%emt 0:00:30]} Ba3 {[%emt 0:00:30]} 65. Kd7 {[%emt 0:00:30]} Kf6 {[%emt 0:00:30]} 66. Ke8 {[%emt 0:00:30]} Kg7 {[%emt 0:00:30]} 67. Be6 {[%emt 0:00:30]} Bf8 {[%emt 0:00:30]} 68. Bd5 {[%emt 0:00:30]} Ba3 {[%emt 0:00:30]} 69. Kd7 {[%emt 0:00:30]} Kf6 {[%emt 0:00:30]} 70. Kc6 {[%emt 0:00:30]} Ke5 {[%emt 0:00:30]} 71. Kb5 {[%emt 0:00:30]} Bf8 {[%emt 0:00:30]} 72. Kc4 {[%emt 0:00:30]} Kd6 {[%emt 0:00:30]} 73. b4 {[%emt 0:00:30]} Kc7 {[%emt 0:00:30]} 74. b5 {[%emt 0:00:30]} 1-0

[Event "PanAm Intercolleagiate-ch 2019"]
[Site "Charlotte"]
[Date "2019.12.29"]
[Round "3.2"]
[White "Berczes, David"]
[Black "Lenderman, Aleksandr"]
[Result "0-1"]
[WhiteElo "2449"]
[BlackElo "2638"]
[Annotator "TA"]
[PlyCount "120"]
[EventDate "2019.12.27"]
[EventType "team-tourn"]
[EventCountry "USA"]
[SourceTitle "playchess.com"]
[Source "ChessBase"]
[SourceQuality "1"]

{[%evp 9,120,7,10,16,24,8,25,24,26,15,16,21,19,20,20,12,14,14,10,11,15,5,5,5,7,3,6,0,0,0,0,0,7,0,0,0,0,0,0,0,0,0,0,0,0,-11,-14,-76,-76,-76,-80,-119,-87,-82,-88,-88,-70,-70,-63,-85,-83,-139,-142,-142,-142,-133,-81,-143,-131,-144,-144,-229,-45,-319,-319,-424,-424,-450,-450,-867,-848,-29959,-29956,-29958,-29959,-29961,-29965,-29965,-29966,-29966,-29967,-29967,-29968,-29968,-29969,-29966,-29970,-29969,-29971,-29971,-29972,-29975,-29973,-29973,-29974,-29973,-29975,-29975,-29976,-29976,-29976,-29975,-29970]} 1. e4 e5 2. Nf3 Nf6 3. Nc3 Nc6 4. Bb5 Bd6 5. O-O O-O 6. d3 {C48: Four Knights: 4 Bb5, replies other than 4...Bb4} Ne7 (6... a6 7. Ba4 h6 8. a3 Re8 9. h3 Bf8 10. Be3 d6 11. Bb3 Be6 12. Bxe6 Rxe6 {½-½ (30) Nepomniachtchi,I (2776)-Tomashevsky,E (2718) Khanty-Mansiysk 2019}) 7. d4 Ng6 8. dxe5 {White has an edge.} Nxe5 9. Bf4 $146 ({Predecessor:} 9. Nd4 Bc5 10. Nb3 Bb6 11. Bg5 h6 12. Bh4 Ng6 {1-0 (38) Reshetnikov,A (2006)-Georgiev,V (2530) Chalkida 2009}) 9... Nxf3+ 10. Qxf3 Bxf4 11. Qxf4 d6 12. Rad1 Be6 13. e5 dxe5 14. Qxe5 Qb8 15. Ne4 Nxe4 16. Qxe4 c6 17. Bc4 Re8 18. Bxe6 Rxe6 19. Qb4 Qc7 20. Rfe1 a5 21. Qd4 Rxe1+ 22. Rxe1 $11 {[%mdl 4096] Endgame KQR-KQR} Rd8 23. g3 (23. a4 {feels hotter.} g6 24. Qc3 b6 25. g3 Qd6 26. b3) 23... h6 24. Qc5 b6 25. Qe3 c5 26. a4 Qd7 27. Qb3 Qc6 28. Qb5 (28. h4 $11 {remains equal.}) 28... Qxb5 $17 29. axb5 {KR-KR} Rd2 30. Re8+ Kh7 31. c4 Rxb2 32. Rb8 Rb4 33. Rxb6 Rxc4 34. Rc6 a4 35. b6 (35. Kg2 $142) 35... Rb4 {Strongly threatening ...a3.} 36. Rxc5 Rxb6 37. Ra5 Rb1+ 38. Kg2 {[#]} Ra1 $1 39. h4 g6 40. g4 (40. Ra7 $17) 40... Kg7 $2 (40... a3 $19 {Hoping for ...a2.} 41. Kf3 Kg7) 41. f4 $2 {[%mdl 8192]} ({White must play} 41. h5 $1 $15) 41... a3 $19 {[%cal Ba4a3,Ba3a2][%mdl 32]} 42. Kh2 a2 43. Kg2 {[#]} h5 $1 {[%mdl 512]} 44. gxh5 (44. g5 $142) 44... gxh5 45. Ra6 f5 {Black mates.} 46. Kh2 Kf7 47. Kg2 Ke7 48. Kh2 Kd7 49. Kg2 Kc7 50. Kh2 Kb7 51. Ra3 Kb6 52. Kg2 Kb5 53. Ra8 Kc4 54. Ra3 Kd4 55. Ra5 Ke4 56. Ra4+ Ke3 57. Kh2 Kf3 58. Ra5 Kxf4 59. Kg2 Ke4 60. Ra4+ Kd5 {Accuracy: White = 40%, Black = 81%.} 0-1

[Event "PanAm Intercolleagiate-ch 2019"]
[Site "Charlotte"]
[Date "2019.12.29"]
[Round "3.3"]
[White "Nyzhnyk, Illya"]
[Black "Hilby, Craig"]
[Result "1-0"]
[WhiteElo "2660"]
[BlackElo "2434"]
[Annotator "TA"]
[PlyCount "83"]
[EventDate "2019.12.27"]
[EventType "team-tourn"]
[EventCountry "USA"]
[SourceTitle "playchess.com"]
[Source "ChessBase"]
[SourceQuality "1"]

{[%evp 16,83,17,23,43,18,42,29,28,37,38,16,29,34,34,33,36,27,47,26,62,47,56,62,129,135,125,131,120,120,122,122,141,121,123,129,130,110,118,94,102,91,118,106,110,100,176,127,130,0,164,0,127,117,123,127,110,118,125,134,213,194,471,464,481,354,475,460,535,517]} 1. Nf3 Nf6 2. g3 b6 3. Bg2 Bb7 4. c4 g6 5. b3 Bg7 6. Bb2 O-O 7. O-O c5 8. d4 d6 9. Nc3 Ne4 {A30: Symmetrical English: Double Fianchetto and Hedgehog} (9... cxd4 10. Qxd4 Nbd7 11. Rac1 Rc8 12. Rfd1 Ne4 13. Qe3 Nxc3 14. Bxc3 Nf6 15. Ne1 Qc7 16. Bxf6 Bxf6 17. Nd3 Bxg2 18. Kxg2 Rfd8 19. Qf3 Bg7 20. h4 {½-½ (28) Rakhmanov,A (2615)-Chigaev,M (2640) Yaroslavl 2019}) 10. Rc1 a6 $146 ({Predecessor:} 10... Nd7 11. Nxe4 Bxe4 12. Qd2 Rb8 13. Rfd1 Qc7 14. h4 cxd4 15. Bxd4 Nf6 16. Ng5 Bxg2 17. Kxg2 {½-½ (64) Kalinitschew,S (2386)-Milanovic,D (2485) Berlin 2014}) 11. Qc2 (11. Qd3 {seems wilder.} Nxc3 12. Bxc3 cxd4 13. Nxd4 Qc7 14. Bd5) 11... Nxc3 {White has an edge.} 12. Bxc3 cxd4 13. Bxd4 Bxd4 14. Nxd4 Qc7 15. e4 Nc6 16. Ne2 Ne5 17. Qd2 Rfc8 18. Rfd1 Qc5 19. Nc3 Qb4 (19... Rab8 $14) 20. Na4 $16 Qxd2 21. Rxd2 Rc6 22. f4 b5 23. Nc3 Ng4 24. e5 Rb6 25. Bxb7 Rxb7 26. exd6 exd6 27. Ne4 ({Resist} 27. Rxd6 $6 bxc4 28. bxc4 Rb2 $14) 27... bxc4 28. bxc4 Rc7 29. Nxd6 Rd8 30. c5 Ne3 (30... Rc6 $16 31. Kg2 Kf8) 31. Re1 Ng4 32. Rc1 Ne3 33. Re1 Ng4 $1 34. h3 Nf6 35. Re5 $36 {[%mdl 2048] White is on the roll.} Kf8 {[#]} 36. Rde2 $1 Rc6 37. Kg2 Rd7 {[#]} (37... Nd7 $16) 38. g4 $1 $18 Rdc7 $2 (38... Rd8 39. g5 Nh5) 39. g5 Nh5 40. Re8+ Kg7 41. Rd8 {Ne8+ would kill now.} ({Less strong is} 41. R8e4 Ra7 $16) 41... h6 ({Much worse is} 41... Nxf4+ 42. Kf3 $18) 42. Kf3 {Accuracy: White = 74%, Black = 41%.} 1-0

[Event "PanAm Intercolleagiate-ch 2019"]
[Site "Charlotte"]
[Date "2019.12.29"]
[Round "3.4"]
[White "Arribas Lopez, Angel"]
[Black "Hakobyan, Aram"]
[Result "0-1"]
[WhiteElo "2437"]
[BlackElo "2576"]
[Annotator "TA"]
[PlyCount "82"]
[EventDate "2019.12.27"]
[EventType "team-tourn"]
[EventCountry "USA"]
[SourceTitle "playchess.com"]
[Source "ChessBase"]
[SourceQuality "1"]

{[%evp 9,82,-35,-33,-87,-91,-95,-87,-95,-95,-91,-85,-93,-87,-89,-102,-91,-60,-70,-85,-85,-86,-106,-38,-32,-9,-69,-70,-195,-200,-210,-238,-218,-135,-133,-142,-136,-127,-112,-87,-83,-64,-72,0,-52,0,0,0,7,67,29,60,22,14,-50,-50,-50,-74,-79,-35,-126,-104,-762,-760,-740,-744,-729,-725,-715,-703,-685,-683,-638,-354,-291,-279]} 1. c4 Nf6 2. Nc3 e5 3. Nf3 Nc6 4. e3 Bb4 5. Na4 $146 ({Predecessor:} 5. Qc2 Bxc3 6. Qxc3 Qe7 7. d4 e4 8. Ng1 d5 9. h3 O-O 10. Bd2 a5 11. a3 Be6 12. Rc1 Qd7 13. c5 Ne7 14. Ne2 Qe8 {1-0 (49) Wang,H (2726)-Dominguez Perez,L (2763) Khanty-Mansiysk 2019}) 5... e4 6. Ng5 {A28: English Opening: Four Knights Variation} (6. a3 $15) 6... h6 $1 $17 {[%cal Rh6g5]} 7. Nh3 d5 8. a3 {Black is better.} Bd6 9. cxd5 Nxd5 10. Qc2 Qe7 11. b4 O-O 12. Bb2 Bg4 13. Rc1 Rad8 14. Nc5 Bxc5 15. Qxc5 Qd7 (15... Rd6 $1 $17 16. Ng1 Nb6) 16. Rc2 $15 Rfe8 {next ...Ne5 is good for Black.} 17. Bb5 (17. Nf4 $1 $11) 17... Re6 18. Ng1 ({Better is} 18. Nf4 $1 $15 Nxf4 19. exf4) 18... a6 $1 $19 {[%cal Ra6b5]} 19. Ba4 Rd6 20. Bxc6 Rxc6 21. Qd4 {[%csl Gb2][%cal Rd4g7]} Rg6 22. h3 Be6 23. Ne2 Qc8 24. Qe5 Rg5 25. Qh2 $1 c6 ({Black should try} 25... Bd7 $17) 26. f4 (26. f3 $11) 26... exf3 (26... Rg6 $1 $15) 27. gxf3 $11 Qd7 {Hoping for ...Nxe3!} 28. Bd4 Re8 (28... Rg6 $11) 29. h4 Rg6 {Threatening ...Bf5.} 30. e4 Nf6 31. h5 (31. Rc5 $11) 31... Rg5 $15 32. Bxf6 gxf6 33. Qf4 Kg7 34. Kf2 (34. Rg1 $15) 34... Qd3 $17 {[%mdl 64] Double Attack} 35. Rc3 $2 {[%mdl 8192] [#]} (35. Rcc1 $17) 35... Rg2+ $3 $19 {[%mdl 576] Deflection, Decoy} 36. Kxg2 Qxe2+ 37. Kg3 Rg8 {( -> ...Kh7+)} 38. Rh4 Qe1+ 39. Kg2 Kh7+ 40. Rg4 {And now Rxg8 would win.} Bxg4 41. fxg4 {[#]} Rd8 $1 {Accuracy: White = 43%, Black = 71%.} 0-1

[Event "PanAm Intercolleagiate-ch 2019"]
[Site "Charlotte"]
[Date "2019.12.29"]
[Round "3.5"]
[White "Prohaszka, Peter"]
[Black "Swiercz, Dariusz"]
[Result "1/2-1/2"]
[WhiteElo "2595"]
[BlackElo "2659"]
[Annotator "TA"]
[PlyCount "63"]
[EventDate "2019.12.27"]
[EventType "team-tourn"]
[EventCountry "USA"]
[SourceTitle "playchess.com"]
[Source "ChessBase"]
[SourceQuality "1"]

{[%evp 10,63,9,0,7,0,8,0,0,5,25,15,23,20,29,20,20,18,14,14,11,14,12,12,11,10,14,12,16,2,6,0,4,0,3,4,20,8,10,8,12,10,11,11,7,0,0,0,0,0,0,0,0,0,0,-5]} 1. Nf3 d5 2. b3 Nf6 3. Bb2 e6 4. c4 Be7 5. e3 O-O 6. Nc3 dxc4 {A13: English Opening: 1...e6} 7. Bxc4 (7. bxc4 b6 8. d4 Bb7 9. Bd3 c5 10. d5 exd5 11. cxd5 b5 12. Bxb5 Nxd5 13. O-O Nf6 14. Qc2 {1-0 (102) Giri,A (2797)-Yu,Y (2751) Shenzhen 2019}) 7... c5 8. d4 cxd4 9. Nxd4 Bd7 10. O-O Nc6 11. Nf3 Qa5 12. a3 Ne5 $146 {The position is equal.} ({Predecessor:} 12... Rac8 13. b4 Qc7 14. Bb3 Rfd8 15. Rc1 Qb8 16. Qe2 b5 17. Qxb5 Qxb5 18. Nxb5 a5 {½-½ (18) Trifunovic,P-Djurasevic,B Sarajevo 1958}) 13. b4 Qc7 14. Nxe5 Qxe5 15. Qe2 Qh5 16. Qxh5 Nxh5 17. Rfd1 Rfd8 18. Be2 Nf6 19. g4 h6 20. h3 Rac8 21. Rac1 Ne8 22. Rd2 Bf6 23. Ne4 Rxc1+ 24. Bxc1 Be7 25. Nc5 Bc8 26. Rxd8 Bxd8 27. Bb2 Bf6 28. Bxf6 Nxf6 29. Bf3 b6 30. Nd3 Kf8 31. Ne5 Nd7 32. Nxd7+ {Accuracy: White = 70%, Black = 79%.} 1/2-1/2